[Event "Landesliga West MV 2013/14"]
[Site "?"]
[Date "2014.03.16"]
[Round "7.2"]
[White "Kornblum, Harry"]
[Black "Piske, Thomas"]
[Result "1-0"]
[WhiteElo "1868"]
[BlackElo "1791"]
[PlyCount "101"]
[EventType "team-tourn"]
[EventRounds "9"]
[WhiteTeam "SV Empor Kuehlungsborn"]
[BlackTeam "ASV GW Wismar II"]

1. d4 Nf6 2. Bf4 g6 3. Nf3 Bg7 4. e3 O-O 5. h3 c5 6. Be2 cxd4 7. exd4 d5 8. O-O
Qb6 9. Nc3 Nc6 10. Na4 Qa5 11. c3 Bf5 12. Nc5 Qb6 13. b4 Ne4 14. Nxe4 Bxe4 15.
Nd2 Bf5 16. Nb3 Qd8 17. b5 Na5 18. Nc5 b6 19. Na6 Rc8 20. Rc1 Nc4 21. Nb4 Na5
22. Re1 h5 23. Bf3 Be6 24. Qe2 Qd7 25. g4 hxg4 26. hxg4 Kh7 27. Kg2 Rh8 28. Be5
Nc4 29. Rh1+ Kg8 30. Nc6 Nxe5 31. dxe5 f5 32. exf6 Bxf6 33. Rxh8+ Kxh8 34. Re1
Bf7 35. Qe3 Kg7 36. g5 Rh8 37. gxf6+ exf6 38. Rh1 Rxh1 39. Kxh1 Qf5 40. a4 Qc2
41. Nd8 Qxa4 42. Nxf7 Kxf7 43. Bxd5+ Kf8 44. Qe6 Qd1+ 45. Kh2 Qh5+ 46. Kg2 Qg5+
47. Kf3 Qh5+ 48. Ke3 Qg5+ 49. Ke2 Qh5+ 50. Kd2 Qg5+ 51. Kc2 1-0

[Event "Landesliga West MV 2013/14"]
[Site "?"]
[Date "2014.03.16"]
[Round "7.3"]
[White "Schubert, Erik"]
[Black "Gipp, Thomas"]
[Result "1/2-1/2"]
[WhiteElo "1683"]
[BlackElo "1902"]
[PlyCount "90"]
[EventType "team-tourn"]
[EventRounds "9"]
[WhiteTeam "ASV GW Wismar II"]
[BlackTeam "SV Empor Kuehlungsborn"]

1. d4 g6 2. Nf3 Bg7 3. Bf4 d6 4. e3 Nf6 5. Nbd2 O-O 6. Bc4 a6 7. a4 Nbd7 8. h3
b6 9. O-O Bb7 10. c3 Qe8 11. Qe2 e5 12. dxe5 dxe5 13. Bh2 e4 14. Ne1 Ne5 15.
Bxe5 Qxe5 16. Nc2 Nd7 17. f4 exf3 18. Nxf3 Qe7 19. Kh1 c5 20. Rae1 Ne5 21. Nxe5
Bxe5 22. Qg4 Kg7 23. e4 Bc6 24. Bd5 h5 25. Qf3 Rac8 26. Bxc6 Rxc6 27. Ne3 Bb8
28. Re2 Qe5 29. g4 hxg4 30. Qxg4 Kh7 31. Rg2 Qh5 32. Qxh5+ gxh5 33. Rf5 Rh6 34.
Rfg5 f6 35. Rg7+ Kh8 36. Nf5 Rh7 37. R7g6 Be5 38. Kg1 Rd8 39. Kf1 Rhd7 40. Rh6+
Rh7 41. Rxh7+ Kxh7 42. Rg7+ Kh8 43. Ke2 Rg8 44. Rxg8+ Kxg8 45. Kd3 b5 1/2-1/2

[Event "Landesliga West MV 2013/14"]
[Site "?"]
[Date "2014.03.16"]
[Round "7.5"]
[White "Raeszler, Arndt"]
[Black "Prosz, Benjamin"]
[Result "1/2-1/2"]
[WhiteElo "1692"]
[BlackElo "1782"]
[PlyCount "31"]
[EventType "team-tourn"]
[EventRounds "9"]
[WhiteTeam "ASV GW Wismar II"]
[BlackTeam "SV Empor Kuehlungsborn"]

1. d4 e6 2. c4 Nf6 3. Nf3 d5 4. Nc3 c6 5. Bg5 Nbd7 6. e3 Qa5 7. Bxf6 Nxf6 8.
Qc2 Qd8 9. Bd3 Bd6 10. O-O O-O 11. Rae1 Re8 12. Ne5 h6 13. f4 dxc4 14. Bxc4 Nd5
15. Qf2 f6 16. Ng6 1/2-1/2

[Event "Landesliga West MV 2013/14"]
[Site "?"]
[Date "2014.03.16"]
[Round "7.6"]
[White "Prueter, Reinhard"]
[Black "Noelter, Gerd"]
[Result "1-0"]
[WhiteElo "1634"]
[BlackElo "1597"]
[PlyCount "59"]
[EventType "team-tourn"]
[EventRounds "9"]
[WhiteTeam "SV Empor Kuehlungsborn"]
[BlackTeam "ASV GW Wismar II"]

1. d4 d5 2. Nf3 Nf6 3. c4 c6 4. Nc3 e6 5. Bg5 Be7 6. e3 O-O 7. Qc2 b6 8. Bd3 g6
9. O-O Bb7 10. Ne5 Nbd7 11. f4 Nh5 12. Bxe7 Qxe7 13. Be2 Ng7 14. cxd5 cxd5 15.
Qa4 Nxe5 16. fxe5 a6 17. Qb3 b5 18. Nd1 Rac8 19. Nf2 f5 20. Nd3 Rc7 21. Nc5 Rc6
22. Rac1 Qc7 23. Rc3 Rc8 24. Rfc1 Qb6 25. Qb4 Ne8 26. Kf2 Kf7 27. a4 bxa4 28.
Qxa4 R8c7 29. Rb3 Qa7 30. Rxb7 1-0

[Event "Landesliga West MV 2013/14"]
[Site "?"]
[Date "2014.03.16"]
[Round "7.7"]
[White "Schleese, Wolfgang"]
[Black "Miedeck, Franz"]
[Result "1/2-1/2"]
[WhiteElo "1528"]
[BlackElo "1592"]
[PlyCount "85"]
[EventType "team-tourn"]
[EventRounds "9"]
[WhiteTeam "ASV GW Wismar II"]
[BlackTeam "SV Empor Kuehlungsborn"]

1. d4 d5 2. Nf3 c6 3. Bf4 Nf6 4. e3 e6 5. c3 Be7 6. Bd3 a6 7. Nbd2 c5 8. dxc5
Bxc5 9. Nb3 Be7 10. O-O Nc6 11. Qc2 O-O 12. Rad1 h6 13. e4 dxe4 14. Bxe4 Qb6
15. Bd3 Rd8 16. Rfe1 Bd7 17. Nbd2 Rac8 18. Nc4 Qa7 19. Nfe5 b5 20. Nxd7 Nxd7
21. Ne5 Ndxe5 22. Bxe5 Nb4 23. Qb1 Nc6 24. Bf4 Bf6 25. Be4 Rxd1 26. Rxd1 Ne5
27. Bxe5 Bxe5 28. Qd3 Qc7 29. g3 Bf6 30. a3 g6 31. Qf3 Rd8 32. Rxd8+ Qxd8 33.
Qd3 Qb6 34. Qf3 Kg7 35. Qe2 h5 36. Bd3 h4 37. Qe4 hxg3 38. hxg3 Qd6 39. Kg2 Be5
40. f4 Bf6 41. Kf3 Qb6 42. Qe3 Qc6+ 43. Qe4 1/2-1/2

[Event "Landesliga West MV 2013/14"]
[Site "?"]
[Date "2014.03.16"]
[Round "7.8"]
[White "Noelck, Ulrich"]
[Black "Soltmann, Jan"]
[Result "0-1"]
[WhiteElo "1597"]
[BlackElo "1351"]
[PlyCount "71"]
[EventType "team-tourn"]
[EventRounds "9"]
[WhiteTeam "SV Empor Kuehlungsborn"]
[BlackTeam "ASV GW Wismar II"]

1. d4 d5 2. Nf3 Nf6 3. Bf4 Bf5 4. e3 e6 5. Nbd2 Bd6 6. Ne5 c6 7. c4 Ne4 8. Nxe4
Bxe4 9. c5 Bc7 10. a3 Nd7 11. Nd3 Bxf4 12. Nxf4 e5 13. dxe5 Nxc5 14. f3 Bf5 15.
Bd3 Nxd3+ 16. Nxd3 Bxd3 17. Qxd3 Qg5 18. Kf2 Qxe5 19. Rab1 O-O 20. Rhe1 Qf6 21.
Qb3 Rab8 22. Qc2 Rfe8 23. Rbd1 a6 24. Rd4 Re4 25. Qd2 Rbe8 26. Rxe4 Rxe4 27.
Kg1 Re8 28. Qb4 Qe7 29. Qd4 h6 30. b4 Qe5 31. Qxe5 Rxe5 32. Kf2 f5 33. a4 g5
34. Rc1 Re6 35. g3 Kf7 36. f4 {ZÜ} 0-1

[Event "Landesliga West MV 2013/14"]
[Site "?"]
[Date "2014.03.16"]
[Round "7.1"]
[White "Mueller, Axel"]
[Black "Montag, Ralf"]
[Result "1-0"]
[WhiteElo "1936"]
[BlackElo "1966"]
[PlyCount "47"]
[EventType "team-tourn"]
[EventRounds "9"]
[WhiteTeam "Putlitzer SV 1921"]
[BlackTeam "Post SV Ludwigslust"]

1. e4 c5 2. Nc3 Nc6 3. f4 g6 4. Nf3 Bg7 5. Bb5 Nd4 6. Bc4 d6 7. Nxd4 Bxd4 8.
Ne2 Bg7 9. O-O Bd7 10. a4 Qa5 11. d3 b5 12. Bd2 b4 13. c3 e6 14. Qe1 Rb8 15. f5
gxf5 16. exf5 e5 17. f6 Bf8 18. Qh4 Bc6 19. Bxf7+ Kxf7 20. Qh5+ Ke6 21. Qf5+
Kf7 22. Qh5+ Ke6 23. f7 Kd7 24. Qg4+ 1-0

[Event "Landesliga West MV 2013/14"]
[Site "?"]
[Date "2014.03.16"]
[Round "7.2"]
[White "Illgen, Alexander"]
[Black "Blume, Christian"]
[Result "1/2-1/2"]
[WhiteElo "1876"]
[BlackElo "1832"]
[PlyCount "100"]
[EventType "team-tourn"]
[EventRounds "9"]
[WhiteTeam "Post SV Ludwigslust"]
[BlackTeam "Putlitzer SV 1921"]

1. d4 d5 2. c4 e6 3. Nc3 Nf6 4. Bg5 Be7 5. Nf3 O-O 6. e3 c6 7. Qc2 Nbd7 8. a3
h6 9. Bh4 a6 10. Be2 dxc4 11. Bxc4 b5 12. Be2 c5 13. dxc5 Nxc5 14. O-O Qb6 15.
Ne5 Bb7 16. b4 Nce4 17. Nxe4 Bxe4 18. Qb2 Rac8 19. Rac1 Rfd8 20. f3 Bb7 21. Bf2
Rxc1 22. Rxc1 Qd6 23. e4 Nd7 24. Nxd7 Rxd7 25. Bc5 Qb8 26. Bd4 f6 27. Be3 Qd8
28. Qb3 Kf7 29. Kf2 Bd6 30. g3 Be5 31. Kg2 Bd4 32. Bxd4 Rxd4 33. Rc2 Rd2 34.
Qc3 Rxc2 35. Qxc2 Qd6 36. Qc3 Ke7 37. Qe3 Kd7 38. Kf2 Qc6 39. Qd2+ Qd6 40. Qc3
Qb6+ 41. Kg2 Qc6 42. Qxc6+ Bxc6 43. Bd3 Kd6 44. Kf2 Bb7 45. Ke3 Bc8 46. Bc2 e5
47. Bd1 Be6 48. f4 g6 49. Bc2 Bf7 50. Bd1 Be6 1/2-1/2

[Event "Landesliga West MV 2013/14"]
[Site "?"]
[Date "2014.03.16"]
[Round "7.3"]
[White "Vieten, Florian"]
[Black "Wiemer, Juergen"]
[Result "0-1"]
[WhiteElo "1687"]
[BlackElo "1840"]
[PlyCount "50"]
[EventType "team-tourn"]
[EventRounds "9"]
[WhiteTeam "Putlitzer SV 1921"]
[BlackTeam "Post SV Ludwigslust"]

1. e4 e5 2. Nc3 Bc5 3. Bc4 Nf6 4. f4 d6 5. Nf3 Qe7 6. d3 Nc6 7. f5 h6 8. Qe2
Bd7 9. Be3 Nd4 10. Bxd4 exd4 11. Nb5 Bxb5 12. Bxb5+ c6 13. Bc4 O-O-O 14. a3
Rhe8 15. O-O-O d5 16. Bb3 dxe4 17. dxe4 Ng4 18. e5 Ne3 19. Rd3 Nxf5 20. Qe4 g6
21. Qf4 Qd7 22. g4 Ne3 23. Qxf7 Qxg4 24. c3 Qe4 25. Ne1 Qxh1 0-1

[Event "Landesliga West MV 2013/14"]
[Site "?"]
[Date "2014.03.16"]
[Round "7.4"]
[White "Meier, Klaus"]
[Black "Oelke, Bernd"]
[Result "1-0"]
[WhiteElo "1850"]
[BlackElo "1764"]
[PlyCount "115"]
[EventType "team-tourn"]
[EventRounds "9"]
[WhiteTeam "Post SV Ludwigslust"]
[BlackTeam "Putlitzer SV 1921"]

1. d4 d5 2. Nf3 Nf6 3. c4 e6 4. Bg5 Be7 5. Nc3 c6 6. e3 Nbd7 7. Bd3 O-O 8. O-O
dxc4 9. Bxc4 b5 10. Bd3 Bb7 11. Rc1 a6 12. Qe2 Rc8 13. Rfd1 Nd5 14. Bxe7 Qxe7
15. Nxd5 cxd5 16. h4 f6 17. e4 Qd6 18. e5 Qe7 19. g3 f5 20. Ng5 g6 21. Qd2 Nb6
22. b3 Rxc1 23. Rxc1 Rc8 24. Rxc8+ Bxc8 25. Qc3 h6 26. Nh3 Bb7 27. Nf4 Kf7 28.
Be2 Qd7 29. Nd3 Qc6 30. Qxc6 Bxc6 31. Nc5 a5 32. a3 Ke7 33. Kf1 Nd7 34. Nd3 Kd8
35. Ke1 Kc7 36. Kd2 Kb6 37. Nf4 Nf8 38. h5 Be8 39. hxg6 Bxg6 40. Bh5 Bxh5 41.
Nxh5 Kc7 42. Nf6 Kd8 43. Ng8 Nd7 44. Nxh6 a4 45. Nf7+ Kc7 46. bxa4 bxa4 47. Kd3
Nb8 48. f3 Kd7 49. Nd6 Nc6 50. Nb7 Ke7 51. Kc3 Na7 52. Nd6 Nc6 53. Nc8+ Kd8 54.
Nb6 Na5 55. Nxa4 Nc4 56. Nc5 Ke7 57. a4 Na5 58. g4 1-0

[Event "Landesliga West MV 2013/14"]
[Site "?"]
[Date "2014.03.16"]
[Round "7.5"]
[White "Philipp, Daniel"]
[Black "Mitscherling, Reinhard"]
[Result "0-1"]
[WhiteElo "1575"]
[BlackElo "1837"]
[PlyCount "88"]
[EventType "team-tourn"]
[EventRounds "9"]
[WhiteTeam "Putlitzer SV 1921"]
[BlackTeam "Post SV Ludwigslust"]

1. e4 e5 2. Nf3 Nc6 3. Bb5 Nf6 4. Bxc6 dxc6 5. O-O Bg4 6. d3 Bd6 7. Be3 O-O 8.
Nbd2 c5 9. h3 Bh5 10. a3 h6 11. Rb1 a5 12. g4 Bg6 13. Nh4 Nxe4 14. Nxg6 Nxd2
15. Qxd2 fxg6 16. f4 exf4 17. Bxf4 Bxf4 18. Rxf4 Qh4 19. Rxf8+ Rxf8 20. Qg2 c6
21. Rf1 Rxf1+ 22. Qxf1 Qg5 23. Qe2 Qc1+ 24. Kg2 Qxb2 25. Qe6+ Kh7 26. Qb3 Qxb3
27. cxb3 g5 28. Kf3 Kg6 29. Ke3 Kf6 30. Ke4 Ke6 31. d4 cxd4 32. Kxd4 Kd6 33.
Ke4 g6 34. b4 axb4 35. axb4 c5 36. bxc5+ Kxc5 37. Ke5 b5 38. Kf6 b4 39. Kxg6 b3
40. Kxh6 b2 41. Kxg5 b1=Q 42. h4 Qh7 43. h5 Kd5 44. Kf6 Qh6+ 0-1

[Event "Landesliga West MV 2013/14"]
[Site "?"]
[Date "2014.03.16"]
[Round "7.6"]
[White "Emmrich, Olaf"]
[Black "Gottschalk, Maik"]
[Result "0-1"]
[WhiteElo "1800"]
[BlackElo "1646"]
[PlyCount "95"]
[EventType "team-tourn"]
[EventRounds "9"]
[WhiteTeam "Post SV Ludwigslust"]
[BlackTeam "Putlitzer SV 1921"]

1. e4 d6 2. d4 g6 3. Nf3 Bg7 4. Bc4 Nf6 5. Nbd2 O-O 6. c3 Nbd7 7. Qe2 e5 8. O-O
a6 9. a4 c6 10. dxe5 dxe5 11. Rd1 Qc7 12. Nf1 Nc5 13. Ng3 Bg4 14. b4 Ncd7 15.
h3 Bxf3 16. Qxf3 Rac8 17. Nf1 c5 18. b5 Nb6 19. Bb3 c4 20. Bc2 Nbd7 21. Ne3
Rfd8 22. Ba3 Re8 23. bxa6 bxa6 24. Rd6 a5 25. Rad1 Qb7 26. Nd5 Nxd5 27. R1xd5
Nb8 28. Rxa5 Bf8 29. Rb5 Qa7 30. Bb4 Bxd6 31. Bxd6 Nc6 32. Qg3 f6 33. Qf3 Kg7
34. Qe2 Ne7 35. Kf1 Red8 36. Bb4 Rd7 37. Ke1 Rb7 38. Ra5 Qb8 39. Ra6 Kf7 40.
Bd6 Rb1+ 41. Bxb1 Qxb1+ 42. Qd1 Qxe4+ 43. Kf1 Qb7 44. Ra5 Rd8 45. Rb5 Qc6 46.
Qg4 Rxd6 47. Rb8 Qxa4 48. Rb4 0-1

[Event "Landesliga West MV 2013/14"]
[Site "?"]
[Date "2014.03.16"]
[Round "7.7"]
[White "Feige, Detlef"]
[Black "Altenburg, Reiner"]
[Result "1-0"]
[WhiteElo "1582"]
[BlackElo "1698"]
[PlyCount "35"]
[EventType "team-tourn"]
[EventRounds "9"]
[WhiteTeam "Putlitzer SV 1921"]
[BlackTeam "Post SV Ludwigslust"]

1. d4 d5 2. c4 e6 3. Nc3 Nf6 4. a3 Be7 5. Nf3 O-O 6. Bf4 c6 7. e3 a6 8. Be2 b5
9. c5 Nbd7 10. b4 Re8 11. O-O Nh5 12. Ne5 Nxf4 13. exf4 Qc7 14. Bd3 f6 15. Qh5
Nf8 16. Bxh7+ Nxh7 17. Qf7+ Kh8 18. Ng6# 1-0

[Event "Landesliga West MV 2013/14"]
[Site "?"]
[Date "2014.03.16"]
[Round "7.8"]
[White "Fitz, Baldur"]
[Black "Paetzke, Bernd"]
[Result "1/2-1/2"]
[WhiteElo "1558"]
[BlackElo "1495"]
[PlyCount "74"]
[EventType "team-tourn"]
[EventRounds "9"]
[WhiteTeam "Post SV Ludwigslust"]
[BlackTeam "Putlitzer SV 1921"]

1. d4 Nf6 2. c4 e6 3. Nc3 d5 4. Bg5 Be7 5. Bxf6 Bxf6 6. e3 c6 7. Qc2 Nd7 8.
cxd5 exd5 9. Bd3 g6 10. Nf3 O-O 11. h4 Bg7 12. h5 Nf6 13. hxg6 fxg6 14. Ne5 Ng4
15. Nxg4 Bxg4 16. f3 Bf5 17. Bxf5 Rxf5 18. O-O-O Qg5 19. Rd3 Re8 20. Nd1 Rf7
21. Qf2 Qe7 22. Qh4 Bf6 23. Qf2 c5 24. dxc5 Qxc5+ 25. Qc2 Qb6 26. Kb1 Rc7 27.
Qb3 Qxb3 28. Rxb3 Rec8 29. Nc3 Bxc3 30. bxc3 Rxc3 31. Rxb7 Rxe3 32. Rhxh7 Rec3
33. Rhg7+ Kh8 34. Rxg6 d4 35. Rh6+ Kg8 36. Rg6+ Kf8 37. Rf6+ Kg8 1/2-1/2

[Event "Landesliga West MV 2013/14"]
[Site "?"]
[Date "2014.03.16"]
[Round "7.1"]
[White "Rabinowitsch, Juri"]
[Black "Hilpert, Andreas"]
[Result "1-0"]
[WhiteElo "1844"]
[BlackElo "1867"]
[PlyCount "59"]
[EventType "team-tourn"]
[EventRounds "9"]
[WhiteTeam "SF Schwerin IV"]
[BlackTeam "Post SV Ludwigslust II"]

1. d4 d6 2. e4 Nf6 3. Nc3 c6 4. f4 g6 5. Nf3 Bg4 6. h3 Bxf3 7. Qxf3 Bg7 8. Be3
O-O 9. O-O-O Qa5 10. Bc4 b5 11. Bb3 b4 12. Ne2 d5 13. Ng3 e6 14. h4 Qb5 15. e5
Nfd7 16. h5 Rc8 17. hxg6 fxg6 18. f5 exf5 19. Nxf5 gxf5 20. Qxf5 Nf8 21. Qxc8
a5 22. Rdf1 Ra7 23. Rf2 a4 24. Rhf1 Nbd7 25. e6 axb3 26. exd7 Qxf1+ 27. Rxf1
bxa2 28. Kd2 a1=Q 29. Rxa1 Rxd7 30. Qxc6 1-0

[Event "Landesliga West MV 2013/14"]
[Site "?"]
[Date "2014.03.16"]
[Round "7.2"]
[White "Krueger, Horst"]
[Black "Jung, Werner"]
[Result "0-1"]
[WhiteElo "1931"]
[BlackElo "1868"]
[PlyCount "72"]
[EventType "team-tourn"]
[EventRounds "9"]
[WhiteTeam "Post SV Ludwigslust II"]
[BlackTeam "SF Schwerin IV"]

1. d4 f5 2. Nf3 g6 3. c4 Nf6 4. Nc3 d6 5. e3 Bg7 6. Be2 O-O 7. O-O c6 8. b4 Qc7
9. Qb3 h6 10. Bb2 Kh7 11. Rac1 e5 12. dxe5 dxe5 13. c5 Qe7 14. Rfd1 Be6 15. Bc4
Bxc4 16. Qxc4 Nbd7 17. Rd6 Ne8 18. Qe6 Qxe6 19. Rxe6 e4 20. Nd4 Rf7 21. g4 Nf8
22. gxf5 gxf5 23. Rd1 Nxe6 24. Nxe6 Be5 25. Na4 Bxb2 26. Nxb2 Nf6 27. Nc4 Nd5
28. Nd6 Rg8+ 29. Kf1 Re7 30. Nd4 Reg7 31. Ne2 Rf8 32. Rxd5 cxd5 33. Nf4 Rd7 34.
Nxd5 Rxd6 35. cxd6 Kg6 36. b5 Rd8 0-1

[Event "Landesliga West MV 2013/14"]
[Site "?"]
[Date "2014.03.16"]
[Round "7.3"]
[White "Krueger, Gerhard"]
[Black "Fechner, Frank"]
[Result "1/2-1/2"]
[WhiteElo "1866"]
[BlackElo "1760"]
[PlyCount "51"]
[EventType "team-tourn"]
[EventRounds "9"]
[WhiteTeam "SF Schwerin IV"]
[BlackTeam "Post SV Ludwigslust II"]

1. e4 e5 2. Nf3 Nf6 3. Nc3 Nc6 4. d4 Bb4 5. d5 Ne7 6. Bd3 O-O 7. O-O Bxc3 8.
bxc3 d6 9. h3 Nexd5 10. exd5 e4 11. Bc4 exf3 12. Qxf3 Nd7 13. Qg3 Ne5 14. Bb3
a5 15. a4 Bf5 16. Be3 Qd7 17. c4 b6 18. Rfe1 f6 19. Re2 Qf7 20. f4 Ng6 21. Rae1
Rae8 22. Qf2 Bd7 23. g4 Re7 24. c5 bxc5 25. Bxc5 Rxe2 26. Rxe2 1/2-1/2

[Event "Landesliga West MV 2013/14"]
[Site "?"]
[Date "2014.03.16"]
[Round "7.4"]
[White "Moutaqi, Sandra"]
[Black "Pamperin, Gerhard"]
[Result "1/2-1/2"]
[WhiteElo "1746"]
[BlackElo "1813"]
[PlyCount "40"]
[EventType "team-tourn"]
[EventRounds "9"]
[WhiteTeam "Post SV Ludwigslust II"]
[BlackTeam "SF Schwerin IV"]

1. d4 d5 2. c4 e6 3. Nf3 Nf6 4. Bg5 Be7 5. e3 O-O 6. Nc3 Nbd7 7. Bd3 dxc4 8.
Bxc4 c5 9. O-O cxd4 10. Qxd4 Nb6 11. Qxd8 Rxd8 12. Bb3 Bd7 13. Rfd1 Kf8 14. Ne5
Be8 15. Rxd8 Rxd8 16. Rd1 Rxd1+ 17. Bxd1 Nfd5 18. Nxd5 Nxd5 19. Bxe7+ Nxe7 20.
Kf1 f6 1/2-1/2

[Event "Landesliga West MV 2013/14"]
[Site "?"]
[Date "2014.03.16"]
[Round "7.5"]
[White "Voll, Andreas"]
[Black "Schulz, Gerhard"]
[Result "1/2-1/2"]
[WhiteElo "1807"]
[BlackElo "1679"]
[PlyCount "130"]
[EventType "team-tourn"]
[EventRounds "9"]
[WhiteTeam "SF Schwerin IV"]
[BlackTeam "Post SV Ludwigslust II"]

1. Nf3 Nf6 2. g3 b6 3. Bg2 Bb7 4. d4 e6 5. O-O d5 6. Bg5 Be7 7. e3 Nbd7 8. Nbd2
O-O 9. Re1 Ne4 10. Bxe7 Qxe7 11. Nxe4 dxe4 12. Nd2 f5 13. c3 Nf6 14. Nc4 Qe8
15. Ne5 Nd7 16. Nxd7 Qxd7 17. Qb3 Kh8 18. c4 Qe7 19. Rad1 Rad8 20. Qc3 c5 21.
Qa3 a6 22. Rd2 Qc7 23. Red1 cxd4 24. Rxd4 Rfe8 25. Qc3 Rxd4 26. Qxd4 h6 27. Bf1
Re7 28. b3 Kg8 29. Be2 Bc6 30. Qd6 Kf7 31. Kf1 Rd7 32. Qxc7 Rxc7 33. Ke1 Ke7
34. Rd4 e5 35. Rd2 a5 36. Kd1 Rd7 37. Rxd7+ Kxd7 38. Kd2 Kd6 39. Kc3 Kc5 40.
Bh5 g5 41. a3 f4 42. Bg4 Be8 43. Bf5 Bc6 44. b4+ axb4+ 45. axb4+ Kd6 46. gxf4
gxf4 47. exf4 exf4 48. Kd4 e3 49. fxe3 fxe3 50. Kxe3 Ke5 51. Bg6 Bg2 52. Bf7
Bb7 53. c5 bxc5 54. bxc5 Bc6 55. Kd3 Bb5+ 56. Kc3 Bc6 57. Kc4 Ke4 58. Bg6+ Ke3
59. Kc3 Bd7 60. Kc4 Bc6 61. Bf7 Ke4 62. Bg8 h5 63. h4 Kf4 64. Bd5 Be8 65. Kd4
Kg4 1/2-1/2

[Event "Landesliga West MV 2013/14"]
[Site "?"]
[Date "2014.03.16"]
[Round "7.6"]
[White "Lange, Marius"]
[Black "Goettsching, Holger"]
[Result "1/2-1/2"]
[WhiteElo "1607"]
[BlackElo "1727"]
[PlyCount "68"]
[EventType "team-tourn"]
[EventRounds "9"]
[WhiteTeam "Post SV Ludwigslust II"]
[BlackTeam "SF Schwerin IV"]

1. e4 e5 2. Nf3 Nc6 3. c3 Nf6 4. d4 d6 5. d5 Ne7 6. Bd3 g6 7. O-O Bg7 8. c4 O-O
9. Nc3 c6 10. Bg5 Qc7 11. h3 h6 12. Be3 Kh7 13. Rc1 Qd8 14. Qd2 Nfg8 15. Rfd1
c5 16. Qc2 f5 17. Kh1 f4 18. Bd2 g5 19. Nh2 h5 20. Be2 Nf6 21. Qd3 Bh6 22. Rg1
Rg8 23. g4 h4 24. Nf3 Bd7 25. Ne1 Ne8 26. f3 Nc7 27. Ng2 Ng6 28. Rb1 Qe7 29. a3
Rgb8 30. b4 b6 31. Rb2 Qe8 32. Rgb1 Bf8 33. bxc5 bxc5 34. Qc2 Na6 1/2-1/2

[Event "Landesliga West MV 2013/14"]
[Site "?"]
[Date "2014.03.16"]
[Round "7.7"]
[White "Lindner, Thomas"]
[Black "Lange, Stefan"]
[Result "1-0"]
[WhiteElo "1644"]
[BlackElo "1557"]
[PlyCount "89"]
[EventType "team-tourn"]
[EventRounds "9"]
[WhiteTeam "SF Schwerin IV"]
[BlackTeam "Post SV Ludwigslust II"]

1. d4 f5 2. c4 Nf6 3. Nc3 g6 4. Nf3 Bg7 5. e3 O-O 6. Be2 b6 7. O-O Bb7 8. Qc2
e6 9. b3 Ne4 10. Bb2 Nxc3 11. Bxc3 a5 12. Rad1 Qe7 13. Nd2 Na6 14. Bf3 Bxf3 15.
Nxf3 Nb4 16. Qb2 d5 17. Bxb4 axb4 18. cxd5 exd5 19. Qd2 Rfd8 20. Rc1 c5 21. Rc2
Rac8 22. Rfc1 Bf6 23. Qd3 Qe6 24. dxc5 Bc3 25. cxb6 Qxb6 26. Nd4 Ra8 27. Ne2 d4
28. exd4 Bxd4 29. Nxd4 Rxd4 30. Qe3 Rad8 31. Qe2 Qd6 32. h3 Re4 33. Qf1 Rd4 34.
f3 Qb6 35. Kh1 Kg7 36. Qe2 R8d7 37. Qe5+ Kh6 38. Kh2 R7d5 39. Qe3+ f4 40. Qe7
Rg5 41. Rc7 Rxg2+ 42. Kxg2 Rd2+ 43. Kh1 Qf2 44. Qxh7+ Kg5 45. R7c5+ 1-0

[Event "Landesliga West MV 2013/14"]
[Site "?"]
[Date "2014.03.16"]
[Round "7.8"]
[White "Koester, Klaus-Dieter"]
[Black "Weinstein, Arkadi"]
[Result "0-1"]
[WhiteElo "1741"]
[BlackElo "1693"]
[PlyCount "38"]
[EventType "team-tourn"]
[EventRounds "9"]
[WhiteTeam "Post SV Ludwigslust II"]
[BlackTeam "SF Schwerin IV"]

1. e4 e6 2. d4 d5 3. e5 c5 4. c3 Nc6 5. Nf3 Bd7 6. Bd3 Qb6 7. Bc2 Rc8 8. a3
cxd4 9. cxd4 Nge7 10. Nc3 Ng6 11. O-O Be7 12. Na4 Qc7 13. Nc3 a6 14. Bd3 b5 15.
Ne2 Qb6 16. Be3 Na5 17. b3 O-O 18. Bd2 Rc7 19. Rc1 Bxa3 0-1

[Event "Landesliga West MV 2013/14"]
[Site "?"]
[Date "2014.03.16"]
[Round "7.2"]
[White "Arning, Norbert"]
[Black "Kliewe, Hans-Juergen"]
[Result "1/2-1/2"]
[WhiteElo "1944"]
[BlackElo "1947"]
[PlyCount "33"]
[EventType "team-tourn"]
[EventRounds "9"]
[WhiteTeam "SV Malchower Schachinsel"]
[BlackTeam "ASV GW Wismar"]

1. e4 e6 2. d4 d5 3. Nc3 Bb4 4. Nge2 Ne7 5. a3 Ba5 6. b4 Bb6 7. exd5 exd5 8.
Ng3 c6 9. Be2 O-O 10. O-O Nf5 11. Nxf5 Bxf5 12. Na4 Bc7 13. Nc5 b6 14. Nb3 Qd6
15. g3 Qg6 16. Ra2 Nd7 17. Bh5 1/2-1/2

[Event "Landesliga West MV 2013/14"]
[Site "?"]
[Date "2014.03.16"]
[Round "7.3"]
[White "Stutz, Dr. Reno"]
[Black "Schmidt, Joerg"]
[Result "1/2-1/2"]
[WhiteElo "1919"]
[BlackElo "1897"]
[PlyCount "23"]
[EventType "team-tourn"]
[EventRounds "9"]
[WhiteTeam "ASV GW Wismar"]
[BlackTeam "SV Malchower Schachinsel"]

1. d4 d5 2. Nf3 Nf6 3. e3 c6 4. Bd3 Bg4 5. h3 Bh5 6. Nbd2 Nbd7 7. c4 e6 8. Qb3
Qb6 9. c5 Qxb3 10. axb3 Be7 11. b4 Bg6 12. Bxg6 1/2-1/2

[Event "Landesliga West MV 2013/14"]
[Site "?"]
[Date "2014.03.16"]
[Round "7.5"]
[White "Borchert, Ulf"]
[Black "Kuehn, Peter"]
[Result "1/2-1/2"]
[WhiteElo "1872"]
[BlackElo "1798"]
[PlyCount "46"]
[EventType "team-tourn"]
[EventRounds "9"]
[WhiteTeam "ASV GW Wismar"]
[BlackTeam "SV Malchower Schachinsel"]

1. d4 f5 2. e3 Nf6 3. Bd3 e6 4. Nf3 Be7 5. O-O b6 6. c4 Bb7 7. Nc3 Ne4 8. Qc2
Nxc3 9. bxc3 O-O 10. e4 fxe4 11. Bxe4 Bxe4 12. Qxe4 Na6 13. Qg4 Kh8 14. Ng5
Bxg5 15. Bxg5 Qe8 16. f4 Qg6 17. Qf3 c6 18. Be7 Rf7 19. Bd6 Rc8 20. a4 Nc7 21.
Bxc7 Rxc7 22. a5 bxa5 23. Qe3 h6 1/2-1/2

[Event "Landesliga West MV 2013/14"]
[Site "?"]
[Date "2014.03.16"]
[Round "7.7"]
[White "Pentzien, Volker"]
[Black "Reeps, Rickert"]
[Result "1/2-1/2"]
[WhiteElo "1832"]
[BlackElo "1670"]
[PlyCount "34"]
[EventType "team-tourn"]
[EventRounds "9"]
[WhiteTeam "ASV GW Wismar"]
[BlackTeam "SV Malchower Schachinsel"]

1. d4 d5 2. c4 e6 3. Nc3 Nf6 4. Nf3 Nbd7 5. Bg5 Be7 6. e3 O-O 7. Bd3 dxc4 8.
Bxc4 a6 9. O-O b5 10. Bd3 Bb7 11. Rc1 c5 12. dxc5 Nxc5 13. Be2 Rc8 14. Ne5 h6
15. Bh4 Nd5 16. Bxe7 Qxe7 17. Bf3 Rfd8 1/2-1/2

[Event "Landesliga West MV 2013/14"]
[Site "?"]
[Date "2014.03.16"]
[Round "7.8"]
[White "Wahrmann, Eric"]
[Black "Junggebauer, Thomas"]
[Result "1/2-1/2"]
[WhiteElo "1450"]
[BlackElo "1814"]
[PlyCount "24"]
[EventType "team-tourn"]
[EventRounds "9"]
[WhiteTeam "SV Malchower Schachinsel"]
[BlackTeam "ASV GW Wismar"]

1. d4 e6 2. c4 Nf6 3. Bg5 c6 4. Nf3 Qa5+ 5. Nbd2 Ne4 6. Bf4 g5 7. Bxb8 Rxb8 8.
a3 Nxd2 9. Qxd2 Qxd2+ 10. Nxd2 Bg7 11. e3 O-O 12. Ne4 h6 1/2-1/2